000 00461pab a2200169 454500
008 180718b2014 xxu||||| |||| 00| 0 eng d
100 _aFleming, Peter
245 _aEducating consent? A conversation with Noam Chomsky on the university and business school education
260 _c2014
300 _ap.568-578.
362 _aJul
650 _aManagement education
700 _aOswick, Cliff
773 _aOrganization
908 _aN
909 _a104877
999 _c104872
_d104872